00673nam a22002177a 45000010005000000030006000050050017000110080041000280400030000690500015000990820012001141000029001262450037001552600039001923000027002314900016002585010007002745200139002815210013004207000022004333364FISKH20240229112952.0240229b cb ||||| |||| 00| 0 eng d aFISK beng cFISK dFISK  aPZ7.H7875  a823.914 aHorowitz Anthony :d1955 aPoint Blank /cAnthony Horowitz  aNew York : bPenguin Group, c2001 a274 pages : c21 cm :  3Alex Rider  aO  aFourteen-year-old Alex continues his work as a spy for the British MI6, investigating an exclusive school for boys in the French Alps.8 a670 bO  aAnthony Horowitz